Research method in the postmodern (Registro nro. 329003)

Detalles MARC
001 - NÚMERO DE CONTROL
campo de control 900818
005 - FECHA Y HORA DE LA ÚLTIMA TRANSACCIÓN
campo de control 20260506154005.0
008 - DATOS DE LONGITUD FIJA--INFORMACIÓN GENERAL
campo de control de longitud fija 041123s1997 eng
020 ## - NÚMERO INTERNACIONAL ESTÁNDAR DEL LIBRO
Número Internacional Estándar del Libro 0750706457
035 ## - NÚMERO DE CONTROL DEL SISTEMA
Número de control de sistema 900818
035 ## - NÚMERO DE CONTROL DEL SISTEMA
Número de control de sistema (OCoLC)777888705
040 ## - FUENTE DE LA CATALOGACIÓN
Centro/agencia transcriptor comduadb
041 ## - CÓDIGO DE LENGUA
Código de lengua del texto/banda sonora o título independiente eng
080 ## - NÚMERO DE LA CLASIFICACIÓN DECIMAL UNIVERSAL
Número de la Clasificación Decimal Universal Q
100 10 - ENTRADA PRINCIPAL--NOMBRE DE PERSONA
Nombre de persona Scheurich, James Joseph
Código de función aut
Término indicativo de función/relación Autor/a
9 (RLIN) 392470
245 10 - MENCIÓN DE TÍTULO
Título Research method in the postmodern
260 ## - PUBLICACIÓN, DISTRIBUCIÓN, ETC.
Lugar de publicación, distribución, etc. Estados Unidos :
Nombre del editor, distribuidor, etc. Roudledge,
Fecha de publicación, distribución, etc. 1997.
300 ## - DESCRIPCIÓN FÍSICA
Extensión 189 páginas
490 0# - MENCIÓN DE SERIE
Mención de serie Qualitative studies series ;
Designación de volumen o secuencia 3
650 #7 - PUNTO DE ACCESO ADICIONAL DE MATERIA--TÉRMINO DE MATERIA
Término de materia o nombre geográfico como elemento de entrada Postmodernismo
Fuente del encabezamiento o término lemb
9 (RLIN) 83854
650 #7 - PUNTO DE ACCESO ADICIONAL DE MATERIA--TÉRMINO DE MATERIA
Término de materia o nombre geográfico como elemento de entrada Investigación cualitativa
Fuente del encabezamiento o término dcs
9 (RLIN) 39166
650 #7 - PUNTO DE ACCESO ADICIONAL DE MATERIA--TÉRMINO DE MATERIA
Término de materia o nombre geográfico como elemento de entrada Ciencias Sociales
Subdivisión general Metodología
Fuente del encabezamiento o término lemb
9 (RLIN) 76237
650 #7 - PUNTO DE ACCESO ADICIONAL DE MATERIA--TÉRMINO DE MATERIA
Término de materia o nombre geográfico como elemento de entrada Investigación social
Fuente del encabezamiento o término lemb
9 (RLIN) 2355
942 ## - ELEMENTOS DE ENTRADA AGREGADA (KOHA)
Tipo de ítem Koha Libros
Existencias
Estado de retiro Estado de pérdida Estado dañado No para préstamo Código de colección Localización permanente Ubicación/localización actual Fecha de adquisición Fuente de adquisición Coste, precio normal de compra Número de inventario Total de préstamos Signatura topográfica completa Código de barras Fecha visto por última vez Número de copia Precio válido a partir de Tipo de ítem Koha
        Colección General Biblioteca de Salud Pública, Campus Medellín Biblioteca de Salud Pública, Campus Medellín 23/11/2004 Centro Colombo Americano 165000.00 C848439   Q180.1 S3-97 0555497 25/04/2023 1 25/04/2023 Libros